Géograhie italienne (QCM) - Statistiques

Statistiques générales
  • Ce quiz a été pris 666 fois
  • Le résultat moyen est 14 sur 20
Statistiques - réponses
Question Réponse % Correct
Quelle est la plus grande ville de la Sardaigne? Cagliari
98%
Quelle est la capitale du pays? Rome
98%
Quelle est la capitale de la Lombardie? Milan
91%
Lequel, parmi ces volcans, ne se situe pas sur une île? Vésuve
91%
Quel pays est n'est pas limitrophe de l'Italie? Liechtenstein
86%
Quel est le plus long fleuve d'Italie?
86%
Quelle ville est la capitale de la Vénétie? Venise
82%
Quelle est le point culminant du pays? Mont-Blanc
75%
Quelle ville n'est pas capitale de sa région? Catane
73%
L'Italie est le seul pays...? À avoir deux pays enclavés dans son territoire
70%
Parmi ces volcans, lequel est le plus haut? Etna
68%
Laquelle de ces villes ne se trouve pas en Sicile? Cosenza
66%
Parmi ces chaînes de montagnes (et massifs), laquelle ne se situe pas en Italie? Silvretta
66%
Laquelle des 20 régions d'Italie est la plus peuplée? Lombardie
64%
Quelle région est la plus petite en superficie? Vallée d'Aoste
64%
Quel fleuve traverse Florence? Arno
59%
Par quelles régions le pays de Saint-Marin est-il enclavé? Émilie-Romagne et Marche
50%
Laquelle des 20 régions d'Italie est la plus grande en terme de superficie? Sicile
45%
Parmi ces îles, laquelle ne fait pas partie de l'archipel campanéen (c'est-à-dire du groupe d'îles situé dans le Golfe de Naples)? Lipari
41%
Quelle est le plus grand lac d'Italie? Lac de Garde
36%
Aucun quiz correspondant
Distribution des résultats
% des personnes avec chaque résultat
Percentile par nombre de réponses
Votre historique - résultats
Vous n’avez pas pris ce quiz